CSCD - Every Tower - Statistics

General Stats
  • This quiz has been taken 6 times
  • The average score is 34 of 69
Answer Stats
Tower % Correct
ToRM
100%
CoV
83%
ToG
83%
ToTTO
83%
CoTEC
67%
IT
67%
ToCaL
67%
ToCG
67%
ToCM
67%
ToEC
67%
ToFP
67%
ToIP
67%
ToLP
67%
ToMA
67%
ToP
67%
ToPA
67%
ToRRA
67%
ToSF
67%
ToTDTHL
67%
ToU
67%
ToUH
67%
ToVH
67%
ToVL
67%
CoTSFT
50%
NEF
50%
STONE
50%
TEAN
50%
TGC
50%
ToAD
50%
ToAW
50%
ToBI
50%
ToDB
50%
ToDS
50%
ToHR
50%
ToID
50%
ToIG
50%
ToII
50%
ToJ
50%
ToJJ
50%
ToLE
50%
ToLT
50%
ToMO
50%
ToNI
50%
ToPB
50%
ToRC
50%
ToSD
50%
ToSR
50%
ToTM
50%
ToTRP
50%
ToTSM
50%
ToTW
50%
ToUA
50%
ToUG
50%
ToWV
50%
ToTFW
33%
DAWG(E)
17%
GCoTDI(E)
17%
MToDC
17%
SoAD(E)
17%
SoFF(E)
17%
SoJoL(E)
17%
SoPS(E)
17%
SoUR(E)
17%
SoWW(E)
17%
ToC4(E)
17%
ToFA(E)
17%
ToMN(R)
17%
ToVX(R)
17%
UHT(E)
17%
No matching quizzes found
Score Distribution
Percent of People with Each Score
Percentile by Number Answered
Your Score History
You have not taken this quiz